Rozhodování o inovacích ve stavební výrobě

Bibliographic Details
Main Author: Štěrba, Jiří (Author)
Format: Article
Language:Czech

MARC

LEADER 00000nab a2200000uu 4500
001 vtls011463369
003 SK-MaSNL
005 20260303132231.0
008 230218|1975 xo |||||||||||||||||cze|
015 |a SNBRB 
035 |a (urnnbn)urn:nbn:sk:snk:ar-a0asb6 
035 |a (uuid)c6865273-b1be-4d83-b1e7-9b0c21c6cfdb 
035 |a urn:nbn:sk:snk-abcwls 
040 |a SNKBUCL  |b slo  |c SNKBUCL  |e AACR2 
041 0 |a cze 
044 |a xo  |c SK 
100 1 |a Štěrba, Jiří  |4 aut  |9 804348 
245 1 0 |a Rozhodování o inovacích ve stavební výrobě  |c Jiří Štěrba 
773 0 |t Ekonomika stavebníctva  |g Roč. 10, č. 4 (1975), s. 100-104 
954 |a odborná, vedecká literatúra cudzojazyčná (svetová)  |2 lita 
958 |a OND 
958 |a EUIPO 
958 |a article16 
999 |c 1949813  |d 1951743